000 00269nam a2200085Ia 4500
008 170620s9999 xx 000 0 und d
100 _aDevi- T. Kalyani
245 0 _aHome and School Environment- Their influence on perceptual styles
260 _bNew Delhi- Discovery Publishing House
260 _c2004
999 _c24386
_d24386